00461nam a22001577a 450000500170000001000150001702000270003203500140005903700130007308200120008610000250009824500640012326000410018727000550022830000200028320200612155321.0 aENG-128197 c1500.00a9789388658355 aEN-111729 bDBAD/PUB a1500.00 aParhi,Kirtan Narayan aThe Classicality of Odishi music/cby Kirtan Narayan Parthi aNew DelhibNational Paperbacksc2019 a4230/1, Ansari Road, Darya GanjbNew Delhie110002 a424p.c23cm(hb)